000 00334nam a2200145Ia 4500
008 230917s9999||||xx |||||||||||||| ||und||
040 _e197997
_aMAIN
041 _aEnglish
082 _a370 Y1V
100 _aYadav, Jaiprakash
245 0 _aVivekananda ka shiksha mein yogdan
260 _aRohtak
300 _a78 p.
942 _cTH
999 _c88267
_d88267